| 000 | 00646nab a2200205 a 4500 | ||
|---|---|---|---|
| 005 | 20210219161817.0 | ||
| 008 | 991125s1985 mx 000 0 spa u | ||
| 035 | _aUPN01000192430 | ||
| 100 | 1 | _aJuárez Némer, Octavio César | |
| 222 | _aDIVERSIDAD Y ENCUENTRO : | ||
| 222 | _bREVISTA DE ESTUDIOS E INVESTIGACION EDUCATIVA | ||
| 245 | _aActualización permanente (PRONAP) : un modelo de identificación inconcluso | ||
| 260 | _aPuebla, México | ||
| 300 | _a53-71 | ||
| 362 | 0 | _a2003 Vol. 2, nos. 1-2, ene.-dic. | |
| 653 | 0 | _aEDUCACION BASICA | |
| 653 | 0 | _aACTUALIZACION DOCENTE | |
| 653 | 0 | _aFORMACION DOCENTE | |
| 905 | _aArticulo | ||
| 999 |
_c164532 _d164532 |
||